MDQL
is popping MORE tags! Check the
thread
!
Quizzes
Events
Quiz Creation
Community
Videos
Private Events
Remove Ads
Sign In
Join for FREE
Feedback
Dark Mode
Quiz Categories
Sports
Geography
Music
Movies
Television
Just For Fun
Miscellaneous
History
Literature
Language
Science
Gaming
Entertainment
Religion
Holiday
For Kids
Quiz Lab
Recent
Popular Today
Quiz Kudos Today
Editor Picks
Curator Picks
Quizzes by...
Day
Popularity
Type
Ratings
Length
Year
Community
Subscriptions
Recent Discussions
Orange Saloon
Badges
Playlists
Quests
Create
Leaderboards
Showdown
Live 5
Trivia Bingo
Activity
Puzzle Library
Sporcle Events
Private Events
Virtual Trivia
Globe League
Become a Host
Pub Owners
SporcleCon
Opinionation
Our Games
Videos
Blog
Mobile Apps
Partnerships
Remove Ads and Go Orange
Feedback
Music
Pop Music
The Beatles
Song
Album
Lyrics
Bands
Singers
Artist
Clip
Rock
Rap
Classical
Billboard
Country Music
Kpop
Taylor Swift
Music
Pop Music
The Beatles
Song
Album
Lyrics
Bands
Singers
Artist
Clip
Rock
Rap
Classical
Billboard
Country Music
Kpop
Taylor Swift
Random Quiz
Search Sporcle
×
Quiz Lab
Quiz Lab
Music
Song
Type in answers that appear in a list
Type in answers that appear in a list
Classic
Best Score? Go Orange.
Name the song without a picture Stats
Can you name the song?
By
BenjaminEakin
10m
108 Questions
9 Plays
9 Plays
9 Plays
Comments
Comments
Give Quiz Kudos
Give Quiz Kudos
-
- Ratings
hide this ad
Replay
Link that replays current quiz
Next Quiz
Link to next quiz in quiz playlist
You Got
0%
They Got
Avg Score
30%
Avg Friend Score
Upgrade to see
Score Distribution
Jump to the score distribution portion of the page
Score
0/108
Timer
10:00
0
Plays Today
Answer
% Correct
and
88.9%
the
88.9%
a
88.9%
and
88.9%
and
88.9%
the
88.9%
the
88.9%
the
88.9%
it
77.8%
an
77.8%
it
77.8%
it
77.8%
an
77.8%
is
77.8%
is
77.8%
is
77.8%
is
77.8%
be
66.7%
no
55.6%
you
55.6%
you
55.6%
when
44.4%
that
44.4%
in
44.4%
your
44.4%
on
44.4%
ever
44.4%
what
33.3%
its
33.3%
so
33.3%
if
33.3%
for
33.3%
he
33.3%
he
33.3%
he
33.3%
he
33.3%
Answer
% Correct
never
33.3%
he
33.3%
to
33.3%
started
22.2%
alien
22.2%
did
22.2%
did
22.2%
his
22.2%
now
22.2%
he's
22.2%
he's
22.2%
he's
22.2%
ben
22.2%
10
22.2%
big
22.2%
he'll
22.2%
alien
22.2%
before
22.2%
every
22.2%
ben
22.2%
10
22.2%
with
22.2%
off
22.2%
from
22.2%
or
22.2%
he'll
22.2%
them
22.2%
he's
22.2%
day
22.2%
ben
22.2%
10
22.2%
device
11.1%
stuck
11.1%
self
11.1%
upon
11.1%
wrist
11.1%
Answer
% Correct
got
11.1%
kid
11.1%
see
11.1%
him
11.1%
might
11.1%
surprise
11.1%
turn
11.1%
into
11.1%
very
11.1%
eyes
11.1%
slimy
11.1%
creepy
11.1%
fast
11.1%
strong
11.1%
shape
11.1%
size
11.1%
case
11.1%
fighting
11.1%
evil
11.1%
earth
11.1%
space
11.1%
stop
11.1%
kid
11.1%
secrets
0%
hid
0%
super
0%
powers
0%
ordinary
0%
armed
0%
powers
0%
'till
0%
makes
0%
pay
0%
cause
0%
baddest
0%
save
0%
Quiz Playlist
Details
Report
Send in Message
Add To Playlist
Classic:
Type in answers that appear in a list
Last Updated: Mar 28, 2017
Quiz Scoreboard
CHALLENGE
Sign Up to Join the Scoreboard
Show All
Scores
Hide
Comments
May contain spoilers
Recently Published
Two Season TV Shows II
by 123Four
Television
10m
Image Sorting: Flags VI
by Barbecue
Geography
2m
Find the 'City' Movie
by crazypaving
Movies
60s
More to Explore
Quiz From the Vault
Featured Blog Post
14 Easter Pick-up Lines to Find Eggs With
hide this ad
You Might Also Like...
Tags
Song Quiz
Today's Top Quizzes in Music
Browse Music
hide this ad
Today's Top Quizzes in Song
Browse Song
Top Contributed Quizzes in Music
1
5X2 Blitz: Bands II
2
5X2 Blitz: The Beatles
3
Taylor Swift All Songs (2024)
4
5X2 Blitz: Billboard
5
5X2 Blitz: Billboard II
6
Music Artist by Three 2010s hits
7
5X2 Blitz: Album
8
5X2 Blitz: Rock
9
5X2 Blitz: Singers
10
5X2 Blitz: Lyrics
Explore More
Trending Topics
Anime
Crossword
NBA
Kpop
Marvel
Harry Potter
Disney
WWE
Puzzle
Song
NFL
Pokémon
The Office
Soccer
Country
hide this ad
More By:
BenjaminEakin
Quiz
Plays
Rating
Category
Featured
Created
four letter words but with a letter changed
12
Miscellaneous
Mar 13, 2017
name the song without a picture
9
Music
Mar 24, 2017
Go to Creator's Profile
Score Distribution
Quiz Creator Spotlight
BenjaminEakin
Follow
Send a Message
Quizzes Created
-
Created Quiz Play Count
-
More By This Creator
Popular Quizzes Today
1
Find the US States - No Outlines Minefield
2
Colored Red Africa Blitz
3
Find the 'City' Movie
4
5x2 Blitz: Bands
5
The Countries of the World
6
Find the Countries of Europe - No Outlines Minefield
7
Find the US States
8
US States
More Music Quizzes
Quick Pick: Female Solo Singers:2010s
Curator's Pick
Trending Quizzes
Colored Red Europe Blitz I
Colored Red Africa Blitz II
Colored Red Europe Blitz II
Colored Red Africa Blitz III
Even More Two Season TV Shows
Recently Updated
March Madness Men's Triple Doubles
pecheneg
How Do You Spell That?
pecheneg
Godzilla Movies
pecheneg
Grab Bag: 4-10 Letters
pecheneg
2024 March Madness Bracket
pecheneg
Famous TV Couples
Peacemaker
Champions League XIs: Real Madrid
pecheneg
Largest US Cities 1790-2010
pecheneg
Rides in Walt Disney World
pecheneg
Most Oscar Losses (Acting)
pecheneg
Trending Topics
Kpop
Anime
NBA
Harry Potter
Marvel
Crossword
Disney
Country
Pokémon
Song
WWE
NFL
The Office
Puzzle
Soccer
Your Account Isn't Verified!
In order to create a playlist on Sporcle, you need to verify the email address you used during registration. Go to your
Sporcle Settings
to finish the process.
Report this User
Report this user for behavior that violates our
Community Guidelines
.
Details:
Send Report
Go to the Sporcle.com Mobile Site →
Comments